|
|
|
|
| LEADER |
00000npc a22000002 4500 |
| 001 |
LR120355671 |
| 003 |
PipeLineGenerated |
| 005 |
20260428054931.0 |
| 008 |
190606s2019 xx ||||| 00| ||ger c |
| 100 |
|
|
|a Opll, Ferdinand
|0 (DE-588)120355671
|0 (DE-627)080623077
|d 1950-
|
| 245 |
|
|
|a Archivmaterialien zu Ferdinand Opll, 1950-
|
| 856 |
|
|
|u https://kalliope-verbund.info/gnd/120355671
|3 Archivdatenbank (Kalliope Verbundkatalog)
|
| BIB |
|
|
|a 1
|o create_literary_remains_records
|
| CAN |
|
|
|a 1
|o create_literary_remains_records
|
| ELC |
|
|
|a 1
|
| REL |
|
|
|a 1
|o create_literary_remains_records
|
| SUB |
|
|
|a CAN
|a BIB
|a REL
|